[Event "NAYCC U16"]
[Site "Windsor CAN"]
[Date "2016.08.09"]
[Round "5.47"]
[White "Aldrich, Michael"]
[Black "D'Amore, Tyler"]
[Result "0-1"]
[WhiteElo "1279"]
[BlackElo "1808"]
[PlyCount "98"]
[EventDate "2016.08.07"]
[EventType "swiss"]
[EventRounds "9"]
[EventCountry "CAN"]

1. e4 e5 2. Nf3 Nc6 3. Bc4 Bc5 4. d3 h6 5. Be3 Bb6 6. Nc3 Nf6 7. O-O O-O 8. Qd2
d6 9. h3 Na5 10. Bb3 Nxb3 11. axb3 Re8 12. Bxb6 cxb6 13. Nb5 a6 14. Qb4 d5 15.
c4 d4 16. Nd6 Re6 17. Nf5 Nd7 18. Qd2 Nf8 19. Kh1 Ng6 20. Rg1 Bd7 21. g3 Rf6
22. N3h4 Nxh4 23. gxh4 Bxf5 24. exf5 Qd7 25. Rg3 Qxf5 26. Rag1 Rg6 27. Kh2 Kh7
28. Qe2 Rxg3 29. Rxg3 Qe6 30. Qe4+ f5 31. Qxb7 Rg8 32. Qxa6 e4 33. Qb7 f4 34.
Rg4 exd3 35. Rxf4 d2 36. Qf3 Qe5 37. Qd3+ Kh8 38. Qxd4 Qxf4+ 39. Qxf4 d1=Q 40.
b4 Qb3 41. c5 bxc5 42. bxc5 Qxb2 43. c6 Qc2 44. Qc7 Qxf2+ 45. Kh1 Rf8 46. h5
Qf1+ 47. Kh2 Rf2+ 48. Kg3 Qg1+ 49. Kh4 Qg5# 0-1

[Event "NAYCC U16"]
[Site "Windsor CAN"]
[Date "2016.08.09"]
[Round "5.48"]
[White "Konovalenko, Nicholas"]
[Black "Thomson, Aaron"]
[Result "0-1"]
[WhiteElo "1555"]
[BlackElo "1659"]
[PlyCount "98"]
[EventDate "2016.08.07"]
[EventType "swiss"]
[EventRounds "9"]
[EventCountry "CAN"]

1. d4 Nf6 2. c4 e6 3. Nc3 Bb4 4. Bd2 O-O 5. Nf3 d6 6. e3 Nc6 7. a3 Bxc3 8. Bxc3
Qe7 9. Be2 e5 10. O-O e4 11. Nd2 d5 12. cxd5 Nxd5 13. Bb5 Bd7 14. Bxc6 Bxc6 15.
Qc2 f5 16. Rfe1 Rf6 17. Rab1 Raf8 18. Qb3 Kh8 19. Bb4 Nxb4 20. Qxb4 Qf7 21. Qc4
Bd5 22. Qe2 f4 23. Qg4 f3 24. g3 h5 25. Qh4 Qe8 26. Rbc1 c6 27. Kh1 Qe6 28. Rg1
Rh6 29. g4 hxg4 30. Qxg4 Qe7 31. Rg3 Rff6 32. Rcg1 Rh7 33. Rh3 Rxh3 34. Qxh3+
Rh6 35. Qc8+ Kh7 36. Qf5+ g6 37. Qf4 Rh4 38. Qg5 Qxg5 39. Rxg5 Kg7 40. Nb1 Kf6
41. Re5 Rg4 42. Nc3 Rg2 43. Nxd5+ cxd5 44. Rxd5 Rxf2 45. Kg1 Re2 46. Rd7 Rxe3
47. Rxb7 Rd3 48. Rxa7 e3 49. Ra8 Rd1# 0-1

[Event "NAYCC U16"]
[Site "Windsor CAN"]
[Date "2016.08.10"]
[Round "6.29"]
[White "Bellissimo, Joseph"]
[Black "Chen, Richard"]
[Result "1/2-1/2"]
[WhiteElo "2142"]
[BlackElo "2155"]
[PlyCount "89"]
[EventDate "2016.08.07"]
[EventType "swiss"]
[EventRounds "9"]
[EventCountry "CAN"]

1. e4 e6 2. d4 d5 3. e5 c5 4. c3 Nc6 5. Nf3 Qb6 6. a3 Nh6 7. b4 cxd4 8. cxd4
Nf5 9. Be3 Bd7 10. Bd3 Nxe3 11. fxe3 Be7 12. O-O Rc8 13. Qd2 O-O 14. Nc3 f6 15.
exf6 Rxf6 16. Ne2 Rcf8 17. Ng3 Be8 18. Qc2 Bg6 19. Bxg6 Rxg6 20. Qd3 Bd6 21.
Nh4 Rgf6 22. Nh5 Rxf1+ 23. Rxf1 Rxf1+ 24. Kxf1 Qd8 25. Nf3 g6 26. Ng3 Qc7 27.
Kf2 a5 28. b5 Ne7 29. Ne2 Nc8 30. e4 Nb6 31. e5 Bf8 32. Ng5 Bh6 33. h4 Bxg5 34.
hxg5 Qe7 35. Qh3 Nc4 36. a4 Nd2 37. Nc3 Qf7+ 38. Ke2 Nc4 39. Qf3 Qf5 40. Qxf5
gxf5 41. Kf3 Nd2+ 42. Kf4 Ne4 43. Ne2 Kg7 44. Nc1 Nd2 45. Ke3 1/2-1/2

[Event "NAYCC U16"]
[Site "Windsor CAN"]
[Date "2016.08.10"]
[Round "6.31"]
[White "Lu, Albert"]
[Black "Habib, Adnan"]
[Result "1-0"]
[WhiteElo "2235"]
[BlackElo "1691"]
[PlyCount "96"]
[EventDate "2016.08.07"]
[EventType "swiss"]
[EventRounds "9"]
[EventCountry "CAN"]

1. d4 Nf6 2. c4 g6 3. Nc3 Bg7 4. Nf3 d6 5. Bg5 O-O 6. e3 c5 7. Be2 h6 8. Bh4
Bf5 9. Qb3 Nc6 10. dxc5 dxc5 11. Qxb7 Nb4 12. O-O a6 13. Rad1 Nd7 14. Bg3 e5
15. Nh4 Be6 16. a3 Rb8 17. Qf3 Nc2 18. Rb1 Bf6 19. Qe4 Nd4 20. exd4 cxd4 21.
Na4 Qa5 22. b3 Bxh4 23. Qxh4 Bf5 24. Rb2 Qxa4 25. bxa4 Rxb2 26. Bg4 Bd3 27.
Bxd7 Bxf1 28. Bxe5 Rb1 29. h3 Bd3+ 30. Kh2 f6 31. Qxd4 fxe5 32. Qxd3 Rb6 33. c5
Rbf6 34. c6 Rxf2 35. Qxg6+ Kh8 36. Qxh6+ Kg8 37. Be6+ R8f7 38. Qg6+ Kf8 39.
Bxf7 Rxf7 40. Qxf7+ Kxf7 41. c7 Ke6 42. c8=Q+ Kd5 43. Kg3 Ke4 44. h4 Ke3 45. h5
e4 46. h6 Kd2 47. h7 e3 48. h8=Q e2 1-0

[Event "NAYCC U16"]
[Site "Windsor CAN"]
[Date "2016.08.10"]
[Round "6.32"]
[White "Sinha, Sahil"]
[Black "Asaria, Danial"]
[Result "1-0"]
[WhiteElo "2140"]
[BlackElo "2038"]
[PlyCount "61"]
[EventDate "2016.08.07"]
[EventType "swiss"]
[EventRounds "9"]
[EventCountry "CAN"]

1. d4 Nf6 2. c4 c5 3. d5 e6 4. Nc3 exd5 5. cxd5 d6 6. e4 g6 7. Nf3 Bg7 8. Be2
O-O 9. Nd2 Re8 10. O-O Nbd7 11. a4 Ne5 12. Qc2 h6 13. Ra3 g5 14. Nc4 Nxc4 15.
Bxc4 Ng4 16. Bb5 Rf8 17. h3 Ne5 18. f4 gxf4 19. Bxf4 Kh8 20. Nd1 Rg8 21. Qd2
Qh4 22. Rg3 a6 23. Be2 Bd7 24. Ne3 Bf6 25. Kh2 Rxg3 26. Bxg3 Qg5 27. Bf4 Qg6
28. Nf5 Rg8 29. g3 Bxf5 30. exf5 Qxf5 31. Bxe5 1-0

[Event "NAYCC U16"]
[Site "Windsor CAN"]
[Date "2016.08.10"]
[Round "6.34"]
[White "Daggupati, Balaji"]
[Black "Zhong, Joey"]
[Result "0-1"]
[WhiteElo "1932"]
[BlackElo "2024"]
[PlyCount "60"]
[EventDate "2016.08.07"]
[EventType "swiss"]
[EventRounds "9"]
[EventCountry "CAN"]

1. e4 e5 2. Nf3 Nc6 3. Bb5 a6 4. Ba4 d6 5. c3 f5 6. exf5 Bxf5 7. O-O Bd3 8. Re1
Be7 9. Re3 e4 10. Ne1 Bg5 11. Nxd3 Bxe3 12. Nb4 Bxf2+ 13. Kxf2 Qh4+ 14. Kg1 Nh6
15. d3 O-O 16. g3 Qh3 17. Bxh6 Ne5 18. Bf4 Nf3+ 19. Kf2 Qxh2+ 20. Ke3 g5 21.
Kxe4 gxf4 22. Qxf3 fxg3 23. Qg4+ Kh8 24. Kd5 c5 25. Na3 Rg8 26. Qf4 Qh5+ 27.
Kxd6 Raf8 28. Qe3 Rg6+ 29. Kc7 Rg7+ 30. Kb6 cxb4 0-1

[Event "NAYCC U16"]
[Site "Windsor CAN"]
[Date "2016.08.10"]
[Round "6.35"]
[White "Sowa, Ryan"]
[Black "Nguyen, Tan"]
[Result "1-0"]
[WhiteElo "1948"]
[BlackElo "1972"]
[PlyCount "121"]
[EventDate "2016.08.07"]
[EventType "swiss"]
[EventRounds "9"]
[EventCountry "CAN"]

1. e4 g6 2. d4 Bg7 3. c4 d6 4. Nc3 Nf6 5. h3 O-O 6. Bg5 h6 7. Be3 e5 8. d5 c5
9. a3 Na6 10. Bd3 Kh7 11. Nge2 Ng8 12. Qd2 f5 13. exf5 Bxf5 14. Ng3 Ne7 15. h4
Bxd3 16. Qxd3 Kh8 17. h5 g5 18. Rb1 Qd7 19. O-O Nf5 20. Nxf5 Rxf5 21. Qe2 Rff8
22. Ne4 Nc7 23. b4 b6 24. bxc5 dxc5 25. Qc2 Ne8 26. a4 Nd6 27. Nxd6 Qxd6 28. a5
Rab8 29. axb6 axb6 30. Rb5 g4 31. Rfb1 g3 32. fxg3 e4 33. Bf4 Bd4+ 34. Kh1 Rxf4
35. gxf4 Qxf4 36. R5b3 e3 37. Qe2 Be5 38. g4 Bd4 39. Qg2 Rg8 40. Rxb6 Rxg4 41.
Qxg4 Qxg4 42. Rxh6+ Kg7 43. Rg6+ Qxg6 44. hxg6 Kxg6 45. Kg2 Kf5 46. Kf3 Ke5 47.
Rb3 Kd6 48. Rb6+ Kd7 49. Re6 Kc7 50. Rxe3 Kd6 51. Re6+ Kd7 52. Ke4 Bf2 53. Kd3
Bd4 54. Kc2 Kc7 55. Kb3 Bf2 56. Ka4 Bg3 57. Rc6+ Kd7 58. Rxc5 Kd6 59. Rc6+ Kd7
60. Rg6 Be5 61. c5 1-0

[Event "NAYCC U16"]
[Site "Windsor CAN"]
[Date "2016.08.10"]
[Round "6.36"]
[White "Miyasaka, Matthew"]
[Black "Maulucci, Anthony"]
[Result "1/2-1/2"]
[WhiteElo "1971"]
[BlackElo "1786"]
[PlyCount "50"]
[EventDate "2016.08.07"]
[EventType "swiss"]
[EventRounds "9"]
[EventCountry "CAN"]

1. e4 c6 2. d4 d5 3. Nd2 g6 4. c3 Bg7 5. Bd3 Nh6 6. h3 f6 7. f4 O-O 8. Ngf3 Nf7
9. e5 fxe5 10. dxe5 c5 11. Nf1 Nc6 12. Ng3 Nh6 13. h4 Nf5 14. Bxf5 Bxf5 15.
Nxf5 Rxf5 16. h5 Bxe5 17. hxg6 Bxf4 18. gxh7+ Kh8 19. Bxf4 Rxf4 20. O-O Qd6 21.
Ng5 Raf8 22. Qg4 Qf6 23. Rxf4 Qxf4 24. Qxf4 Rxf4 25. Ne6 Rf6 1/2-1/2

[Event "NAYCC U16"]
[Site "Windsor CAN"]
[Date "2016.08.10"]
[Round "6.37"]
[White "Xu, Jeffrey"]
[Black "Zhao, Harry"]
[Result "1-0"]
[WhiteElo "2004"]
[BlackElo "1809"]
[PlyCount "51"]
[EventDate "2016.08.07"]
[EventType "swiss"]
[EventRounds "9"]
[EventCountry "CAN"]

1. e4 e6 2. d4 d5 3. e5 c5 4. c3 Nc6 5. Nf3 Qb6 6. a3 Nh6 7. b4 cxd4 8. cxd4
Nf5 9. Be3 f6 10. Bd3 Nxe3 11. fxe3 fxe5 12. b5 e4 13. bxc6 exf3 14. O-O Be7
15. Nd2 O-O 16. Rxf3 Rxf3 17. Qxf3 Qd8 18. Rf1 Qe8 19. Qh3 g6 20. cxb7 Bxb7 21.
Qxe6+ Kg7 22. Bb5 Qd8 23. Rf7+ Kh8 24. Rxe7 Qf8 25. Rxb7 Rc8 26. Rf7 1-0

[Event "NAYCC U16"]
[Site "Windsor CAN"]
[Date "2016.08.10"]
[Round "6.38"]
[White "Yu, Wenlu"]
[Black "Handigol, Abhishek"]
[Result "1-0"]
[WhiteElo "1993"]
[BlackElo "1905"]
[PlyCount "117"]
[EventDate "2016.08.07"]
[EventType "swiss"]
[EventRounds "9"]
[EventCountry "CAN"]

1. Nf3 Nf6 2. g3 d5 3. Bg2 c6 4. O-O Bf5 5. d3 h6 6. Nbd2 e6 7. Re1 Bh7 8. b3
Be7 9. Bb2 O-O 10. a3 a5 11. e4 Na6 12. e5 Nd7 13. Nf1 b5 14. Ne3 Qb6 15. h4 c5
16. Bc1 Rfd8 17. Ng4 Bf8 18. h5 a4 19. Nfh2 Bf5 20. Bf4 axb3 21. cxb3 c4 22.
bxc4 bxc4 23. dxc4 Ndc5 24. cxd5 exd5 25. Ne3 Be4 26. Nhg4 Nd3 27. Rf1 Nac5 28.
Kh2 Nxf4 29. gxf4 Bxg2 30. Nxg2 d4 31. Qf3 Nb3 32. Rad1 Rxa3 33. Qe4 Nc5 34.
Qe2 d3 35. Qf3 Qb4 36. N2e3 Ra4 37. Ng2 Qe4 38. Qg3 Kh8 39. Rg1 Ne6 40. f3 Qf5
41. Qh4 Re8 42. N4e3 Qh7 43. Qg3 Nd4 44. Qg4 Ne2 45. Rge1 Bc5 46. Nf5 Ra3 47.
Ngh4 Bf2 48. Rf1 Bxh4 49. Nxh4 Ra2 50. Rf2 Ra4 51. Qd7 Raa8 52. Qxf7 Qg8 53.
Ng6+ Kh7 54. Qf5 Qc4 55. Rxd3 Ra1 56. Rg2 Qc1 57. Nf8+ Kg8 58. Qh7+ Kf7 59.
Qxg7# 1-0

[Event "NAYCC U16"]
[Site "Windsor CAN"]
[Date "2016.08.10"]
[Round "6.39"]
[White "Pan, Christopher"]
[Black "Zhu, Brandon"]
[Result "1-0"]
[WhiteElo "1975"]
[BlackElo "1861"]
[PlyCount "85"]
[EventDate "2016.08.07"]
[EventType "swiss"]
[EventRounds "9"]
[EventCountry "CAN"]

1. e4 d5 2. exd5 Nf6 3. d4 Bg4 4. Nf3 Qxd5 5. Be2 e6 6. h3 Bh5 7. O-O Nc6 8.
Be3 Be7 9. Nbd2 O-O 10. a3 a5 11. c3 b5 12. g4 Bg6 13. Nh4 Rab8 14. Nxg6 hxg6
15. g5 Ne8 16. Bf3 Qd7 17. b4 axb4 18. axb4 Nd6 19. Ne4 Nf5 20. Bf4 Bd6 21.
Nxd6 cxd6 22. Qd3 Rb6 23. Be4 Nce7 24. Ra5 d5 25. Bxf5 Nxf5 26. Rfa1 Qc6 27.
Ra7 Rc8 28. R1a3 Rb7 29. R7a6 Qd7 30. Qf3 f6 31. Qg4 Kf7 32. Ra8 Qe8 33. R8a7
Qc6 34. R7a6 Qe8 35. Ra7 Re7 36. h4 Qh8 37. gxf6 gxf6 38. Rxe7+ Nxe7 39. Ra7 f5
40. Qg5 Re8 41. Be5 Qf8 42. Qf6+ Kg8 43. Qh8+ 1-0

[Event "NAYCC U16"]
[Site "Windsor CAN"]
[Date "2016.08.10"]
[Round "6.40"]
[White "Maruvada, Shaunak"]
[Black "Chasin, Nico"]
[Result "1/2-1/2"]
[WhiteElo "1966"]
[BlackElo "1752"]
[PlyCount "52"]
[EventDate "2016.08.07"]
[EventType "swiss"]
[EventRounds "9"]
[EventCountry "CAN"]

1. d4 Nf6 2. c4 g6 3. Nc3 d5 4. cxd5 Nxd5 5. e4 Nxc3 6. bxc3 Bg7 7. Bc4 O-O 8.
Ne2 c5 9. O-O Nc6 10. Be3 cxd4 11. cxd4 b6 12. Rc1 Bb7 13. Qd2 Rc8 14. Rfd1 Qd7
15. Bh6 Bxh6 16. Qxh6 Rfd8 17. Rd3 e6 18. Rh3 Nxd4 19. Qxh7+ Kf8 20. Qh6+ Ke8
21. Qh8+ Ke7 22. Qh4+ Ke8 23. Qh8+ Ke7 24. Qh4+ Ke8 25. Qh8+ Ke7 26. Qh4+ Ke8
1/2-1/2

[Event "NAYCC U16"]
[Site "Windsor CAN"]
[Date "2016.08.10"]
[Round "6.41"]
[White "Kobla, Vishal"]
[Black "Fields, Noah"]
[Result "1-0"]
[WhiteElo "1941"]
[BlackElo "1963"]
[PlyCount "63"]
[EventDate "2016.08.07"]
[EventType "swiss"]
[EventRounds "9"]
[EventCountry "CAN"]

1. e4 c5 2. Nf3 e6 3. d3 a6 4. g3 b5 5. Bg2 Bb7 6. O-O Nc6 7. Qe2 d6 8. c3 Be7
9. Rd1 Nf6 10. d4 cxd4 11. cxd4 O-O 12. b3 Rc8 13. Bb2 Rc7 14. Nbd2 Qa8 15. a4
b4 16. Rac1 Rfc8 17. Nc4 Re8 18. d5 Nd8 19. e5 Rxc4 20. bxc4 Nd7 21. dxe6 Nxe6
22. exd6 Bf6 23. Bxf6 Nf4 24. Qxe8+ Qxe8 25. gxf4 gxf6 26. c5 Qc8 27. c6 Bxc6
28. Nd4 Nc5 29. Rxc5 Qg4 30. f3 Bxf3 31. Nxf3 b3 32. d7 1-0

[Event "NAYCC U16"]
[Site "Windsor CAN"]
[Date "2016.08.10"]
[Round "6.42"]
[White "Perkins, Josiah"]
[Black "Shamroni, Dennis"]
[Result "1-0"]
[WhiteElo "1759"]
[BlackElo "1917"]
[PlyCount "75"]
[EventDate "2016.08.07"]
[EventType "swiss"]
[EventRounds "9"]
[EventCountry "CAN"]

1. e4 c5 2. d4 cxd4 3. c3 Nf6 4. e5 Nd5 5. cxd4 e6 6. Bc4 Nb6 7. Bd3 d6 8. f4
Na6 9. a3 Be7 10. Nf3 Bd7 11. Be3 Nc7 12. Nc3 Ncd5 13. Nxd5 Nxd5 14. Qd2 O-O
15. O-O Rc8 16. Rac1 Qb6 17. Rfe1 Bb5 18. Be4 Bc6 19. Bf2 f5 20. Bd3 Bb5 21.
Bb1 dxe5 22. dxe5 Bc5 23. Rxc5 Rxc5 24. b4 Qa6 25. Bxc5 Rc8 26. Nd4 Bd7 27.
Nxf5 exf5 28. Qxd5+ Be6 29. Qd6 Qc4 30. Rd1 b6 31. Bf2 Rc7 32. Bd3 Qb3 33. Rb1
Qd5 34. Qxc7 Qxd3 35. Rc1 Qe4 36. Qd8+ Kf7 37. Rc7+ Kg6 38. Qg5# 1-0

[Event "NAYCC U16"]
[Site "Windsor CAN"]
[Date "2016.08.10"]
[Round "6.43"]
[White "Thomson, Aaron"]
[Black "Ramasamy, Vikram"]
[Result "0-1"]
[WhiteElo "1659"]
[BlackElo "2046"]
[PlyCount "48"]
[EventDate "2016.08.07"]
[EventType "swiss"]
[EventRounds "9"]
[EventCountry "CAN"]

1. e4 Nf6 2. e5 Nd5 3. c4 Nb6 4. c5 Nd5 5. d4 e6 6. Nc3 d6 7. cxd6 cxd6 8. Nxd5
exd5 9. f4 dxe5 10. fxe5 Qh4+ 11. Ke2 Nc6 12. Nf3 Bg4 13. Be3 Be7 14. g3 Bxf3+
15. Kxf3 Qe4+ 16. Kf2 Qxh1 17. Qh5 Qe4 18. Rd1 Qg6 19. Qh3 Bg5 20. Bxg5 Qxg5
21. e6 O-O 22. Bd3 fxe6+ 23. Kg1 Qe3+ 24. Kh1 Qf3+ 0-1

[Event "NAYCC U16"]
[Site "Windsor CAN"]
[Date "2016.08.10"]
[Round "6.44"]
[White "Wang, Warren"]
[Black "Fan, Run Kun"]
[Result "1/2-1/2"]
[WhiteElo "2025"]
[BlackElo "1890"]
[PlyCount "40"]
[EventDate "2016.08.07"]
[EventType "swiss"]
[EventRounds "9"]
[EventCountry "CAN"]

1. d4 d5 2. c4 c6 3. Nc3 Nf6 4. e3 e6 5. Nf3 Nbd7 6. Bd3 dxc4 7. Bxc4 b5 8. Bd3
Bb7 9. O-O Bd6 10. Qe2 b4 11. Ne4 Nxe4 12. Bxe4 Nf6 13. Bd3 Nd7 14. Rd1 O-O 15.
b3 Qe7 16. Bb2 c5 17. e4 cxd4 18. e5 Bc7 19. Bxd4 Bb6 20. Bxb6 Nxb6 1/2-1/2

[Event "NAYCC U16"]
[Site "Windsor CAN"]
[Date "2016.08.10"]
[Round "6.45"]
[White "Saha, Ananda"]
[Black "D'Amore, Tyler"]
[Result "1/2-1/2"]
[WhiteElo "1920"]
[BlackElo "1808"]
[PlyCount "56"]
[EventDate "2016.08.07"]
[EventType "swiss"]
[EventRounds "9"]
[EventCountry "CAN"]

1. d4 Nf6 2. c4 g6 3. Nc3 Bg7 4. e4 d6 5. Be2 O-O 6. Bg5 c5 7. d5 e6 8. Nf3
exd5 9. exd5 a6 10. O-O Qc7 11. Bd3 Bg4 12. h3 Bxf3 13. Qxf3 Nbd7 14. Qd1 Rfe8
15. Qd2 Rab8 16. a4 Qa5 17. Be2 Qb4 18. Qc2 Ne5 19. Bxf6 Bxf6 20. Ne4 Be7 21.
f4 Nd7 22. Bd3 Qb6 23. Rf2 f5 24. Ng5 Bxg5 25. fxg5 Rf8 26. Raf1 Ne5 27. Be2
Qd8 28. Qd2 Qe7 1/2-1/2

[Event "NAYCC U16"]
[Site "Windsor CAN"]
[Date "2016.08.10"]
[Round "6.46"]
[White "Polavaram, Rithik"]
[Black "Zhang, Jeff"]
[Result "1-0"]
[WhiteElo "1899"]
[BlackElo "1907"]
[PlyCount "71"]
[EventDate "2016.08.07"]
[EventType "swiss"]
[EventRounds "9"]
[EventCountry "CAN"]

1. d4 Nf6 2. c4 g6 3. Nc3 Bg7 4. e4 d6 5. Nf3 O-O 6. Be2 e5 7. O-O Nc6 8. d5
Ne7 9. b4 Nd7 10. Be3 h6 11. Qd2 Kh7 12. Ne1 f5 13. f3 f4 14. Bf2 g5 15. Rc1
Ng6 16. c5 Nf6 17. cxd6 cxd6 18. Nb5 Rf7 19. Nxa7 Rxa7 20. Bxa7 h5 21. Qc2 Bd7
22. Qc7 Qf8 23. Qb8 Qe7 24. Bb6 Rf8 25. Qxb7 g4 26. Rc7 Rd8 27. Bb5 Nh4 28.
Rxd7 Rxd7 29. Bxd7 Nxd7 30. Bf2 Bf6 31. a4 gxf3 32. Bxh4 Bxh4 33. Nxf3 Bf6 34.
a5 h4 35. Kh1 Qe8 36. a6 1-0

[Event "NAYCC U16"]
[Site "Windsor CAN"]
[Date "2016.08.10"]
[Round "6.47"]
[White "Zheng, Maven"]
[Black "Konovalenko, Nicholas"]
[Result "1/2-1/2"]
[WhiteElo "1748"]
[BlackElo "1555"]
[PlyCount "98"]
[EventDate "2016.08.07"]
[EventType "swiss"]
[EventRounds "9"]
[EventCountry "CAN"]

1. d4 Nf6 2. c4 c5 3. e3 g6 4. Nf3 Bg7 5. Bd3 d5 6. O-O Bg4 7. h3 Bxf3 8. Qxf3
O-O 9. Rd1 cxd4 10. exd4 Nc6 11. Qe3 dxc4 12. Bxc4 e5 13. d5 Nb4 14. Qb3 Qd6
15. Nc3 Rac8 16. Be3 Qc7 17. Be2 Na6 18. Nb5 Qd7 19. Nxa7 Rcd8 20. Bxa6 bxa6
21. Nc6 Rc8 22. Nxe5 Qe8 23. Nc4 Rb8 24. Qa3 Qb5 25. Rac1 Nxd5 26. Bc5 Rfd8 27.
Nd6 Qd7 28. b4 Nc7 29. Ba7 Nb5 30. Nxb5 Qxd1+ 31. Rxd1 Rxd1+ 32. Kh2 Rxb5 33.
Qxa6 Be5+ 34. g3 Rbd5 35. a4 h5 36. Kg2 Rb1 37. Bc5 Rdd1 38. h4 Rg1+ 39. Kh3
Rge1 40. Qc8+ Kg7 41. Qf8+ Kf6 42. Qd8+ Kg7 43. Be7 Rh1+ 44. Kg2 Rhg1+ 45. Kf3
Rb3+ 46. Ke2 Rb2+ 47. Ke3 Rb3+ 48. Kd2 Rb2+ 49. Ke3 Rb3+ 1/2-1/2

[Event "NAYCC U16"]
[Site "Windsor CAN"]
[Date "2016.08.10"]
[Round "6.48"]
[White "Lee, Stefano"]
[Black "Aldrich, Michael"]
[Result "1-0"]
[WhiteElo "1592"]
[BlackElo "1279"]
[PlyCount "103"]
[EventDate "2016.08.07"]
[EventType "swiss"]
[EventRounds "9"]
[EventCountry "CAN"]

1. e4 e5 2. Nf3 Nc6 3. Bc4 Bc5 4. c3 Nf6 5. d4 exd4 6. cxd4 Bb4+ 7. Bd2 Bxd2+
8. Nbxd2 d5 9. exd5 Nxd5 10. O-O O-O 11. Qc2 Nf6 12. Nb3 Bg4 13. Ng5 Nxd4 14.
Nxd4 Qxd4 15. h3 Bh5 16. Bd3 g6 17. Ne4 Nxe4 18. Bxe4 Rfe8 19. Rfe1 f5 20. Bxb7
Rab8 21. Qxc7 Qxb2 22. Rab1 Rxe1+ 23. Rxe1 Qxb7 24. Re8+ Rxe8 25. Qxb7 Be2 26.
Qxa7 Bc4 27. a4 Bd5 28. a5 Re1+ 29. Kh2 Ra1 30. Qb8+ Kf7 31. Qc7+ Ke6 32. f4
Re1 33. Qxh7 Kf6 34. Qh4+ g5 35. Qxe1 gxf4 36. Qa1+ Ke6 37. h4 f3 38. Qe1+ Kf6
39. Qc3+ Ke6 40. gxf3 f4 41. h5 Kf7 42. h6 Kg6 43. Qg7+ Kf5 44. Qg4+ Kf6 45. h7
Bg8 46. h8=Q+ Ke7 47. Qgg7+ Kd6 48. Qhxg8 Kc6 49. Qe5 Kb7 50. Qf6 Kc7 51. Qgg7+
Kc8 52. Qff8# 1-0

[Event "NAYCC U16"]
[Site "Windsor CAN"]
[Date "2016.08.10"]
[Round "7.29"]
[White "Li, Zhaozhi"]
[Black "Lu, Albert"]
[Result "1/2-1/2"]
[WhiteElo "2305"]
[BlackElo "2235"]
[PlyCount "109"]
[EventDate "2016.08.07"]
[EventType "swiss"]
[EventRounds "9"]
[EventCountry "CAN"]

1. d4 d5 2. c4 e6 3. Nf3 Nf6 4. Nc3 Be7 5. Bf4 O-O 6. e3 a6 7. cxd5 exd5 8. Bd3
Nbd7 9. O-O Re8 10. Rc1 Nf8 11. Qc2 Ng6 12. Bg5 c6 13. a3 Ne4 14. Bxe7 Qxe7 15.
Bxe4 dxe4 16. Nd2 f5 17. Ne2 Be6 18. Qc5 Qd7 19. g3 Ne7 20. Nc4 Bxc4 21. Qxc4+
Kh8 22. Nf4 Rad8 23. Ne6 Rb8 24. Nc5 Qd6 25. Qe6 Qxe6 26. Nxe6 Nd5 27. Nc5 g5
28. Rfe1 Re7 29. Na4 Kg7 30. Nc3 Rd8 31. Kf1 Kf6 32. Ke2 Rg7 33. Rh1 Nxc3+ 34.
bxc3 f4 35. h4 Ke6 36. hxg5 fxg3 37. Rh6+ Rg6 38. Rh4 gxf2 39. Rxe4+ Kd6 40.
Kxf2 Rxg5 41. Rh4 Rf8+ 42. Ke2 h5 43. Rch1 Rff5 44. Kd3 Ra5 45. a4 Raf5 46.
R4h3 b5 47. axb5 axb5 48. Rh4 c5 49. R1h3 c4+ 50. Ke4 Rf2 51. Rf4 Rc2 52. Rf6+
Kc7 53. Rhf3 Rg4+ 54. Kd5 Rg5+ 55. Ke4 1/2-1/2

[Event "NAYCC U16"]
[Site "Windsor CAN"]
[Date "2016.08.10"]
[Round "7.30"]
[White "Bellissimo, Joseph"]
[Black "Sinha, Sahil"]
[Result "0-1"]
[WhiteElo "2142"]
[BlackElo "2140"]
[PlyCount "74"]
[EventDate "2016.08.07"]
[EventType "swiss"]
[EventRounds "9"]
[EventCountry "CAN"]

1. e4 c5 2. Nf3 d6 3. Bb5+ Nd7 4. d4 Ngf6 5. Nc3 cxd4 6. Qxd4 a6 7. Bc4 e6 8.
a4 b6 9. O-O Qc7 10. Ba2 Be7 11. Bg5 Bb7 12. Rad1 O-O 13. Rfe1 Rfd8 14. Bh4
Rac8 15. Bg3 Nc5 16. Nd2 Nh5 17. Qe3 Nxg3 18. Qxg3 Bf6 19. Ndb1 Qc6 20. Qg4
Nxa4 21. Nxa4 Qxa4 22. Bb3 Qb4 23. Nd2 Bxb2 24. Nf3 Bf6 25. Ng5 d5 26. Qh5 Bxg5
27. Qxg5 h6 28. Qh4 a5 29. Re3 a4 30. Ba2 Qb2 31. Rg3 Qxc2 32. Re1 Qxe4 33.
Rxg7+ Kxg7 34. Qg3+ Qg6 35. Qe5+ Qf6 36. Qg3+ Kf8 37. Qa3+ Rc5 0-1

[Event "NAYCC U16"]
[Site "Windsor CAN"]
[Date "2016.08.10"]
[Round "7.31"]
[White "Chen, Richard"]
[Black "Sowa, Ryan"]
[Result "1/2-1/2"]
[WhiteElo "2155"]
[BlackElo "1948"]
[PlyCount "76"]
[EventDate "2016.08.07"]
[EventType "swiss"]
[EventRounds "9"]
[EventCountry "CAN"]

1. e4 e6 2. d3 d5 3. Nd2 Nf6 4. Ngf3 Be7 5. g3 dxe4 6. dxe4 b6 7. e5 Nfd7 8.
Bg2 Ba6 9. Ne4 Nc6 10. Bf4 Nf8 11. Qd2 Qxd2+ 12. Bxd2 Rd8 13. Nc3 Ng6 14. O-O-O
Ncxe5 15. Nxe5 Nxe5 16. Bf4 f6 17. Rxd8+ Kxd8 18. Bh3 Kd7 19. Rd1+ Bd6 20. Ne4
Ke7 21. Re1 Nf3 22. Bxd6+ cxd6 23. Re3 Ne5 24. Ra3 Bb7 25. Rxa7 Rb8 26. Nd2 Nc6
27. Ra3 d5 28. Rb3 Bc8 29. Bg2 Kd6 30. c4 Na5 31. Rd3 Ba6 32. b3 Kc7 33. Re3
dxc4 34. b4 Bb7 35. Bh3 Nc6 36. Bxe6 Nxb4 37. Bxc4 Rf8 38. Rb3 Nd5 1/2-1/2

[Event "NAYCC U16"]
[Site "Windsor CAN"]
[Date "2016.08.10"]
[Round "7.33"]
[White "Kobla, Vishal"]
[Black "Song, Sam"]
[Result "0-1"]
[WhiteElo "1941"]
[BlackElo "2147"]
[PlyCount "78"]
[EventDate "2016.08.07"]
[EventType "swiss"]
[EventRounds "9"]
[EventCountry "CAN"]

1. e4 c5 2. Nf3 e6 3. d3 a6 4. g3 b5 5. Bg2 Bb7 6. O-O d5 7. Qe2 Nf6 8. e5 Nfd7
9. Re1 Nc6 10. Bf4 Be7 11. h4 h6 12. h5 Qc7 13. Nbd2 Nb6 14. c3 c4 15. d4 Na4
16. Nf1 b4 17. Rac1 bxc3 18. bxc3 Qa5 19. Qd2 Rb8 20. Ne3 Na7 21. Nd1 Bc6 22.
Rc2 Nb5 23. Kh2 Rb7 24. Bh3 Kd7 25. Ng1 Rhb8 26. Ne2 Na3 27. Rc1 Nb2 28. Nxb2
Rxb2 29. Qe3 Nc2 30. Qf3 Nxe1 31. Rxe1 Ke8 32. Qg4 Bf8 33. Bc1 Rxa2 34. f4 Qxc3
35. Rd1 Ba4 36. Rf1 Qd3 37. Rf2 Rb1 38. Be3 Qxe3 39. Rg2 Rxe2 0-1

[Event "NAYCC U16"]
[Site "Windsor CAN"]
[Date "2016.08.10"]
[Round "7.34"]
[White "Asaria, Danial"]
[Black "Perkins, Josiah"]
[Result "1-0"]
[WhiteElo "2038"]
[BlackElo "1759"]
[PlyCount "56"]
[EventDate "2016.08.07"]
[EventType "swiss"]
[EventRounds "9"]
[EventCountry "CAN"]

1. e4 e6 2. d4 d5 3. Nd2 Nf6 4. e5 Nfd7 5. c3 c5 6. Bd3 Nc6 7. Ngf3 Qb6 8. O-O
cxd4 9. cxd4 Nxd4 10. Nxd4 Qxd4 11. Nf3 Qb6 12. Qa4 Bc5 13. a3 O-O 14. Qh4 g6
15. b4 Nxe5 16. bxc5 Nxf3+ 17. gxf3 Qd8 18. Bg5 f6 19. Bh6 Rf7 20. Kh1 Rd7 21.
Rae1 Kf7 22. Bf4 Qg8 23. Bd6 a6 24. f4 Kg7 25. f5 exf5 26. Bxf5 Rxd6 27. Re7+
Kf8 28. cxd6 Qh8 1-0

[Event "NAYCC U16"]
[Site "Windsor CAN"]
[Date "2016.08.10"]
[Round "7.35"]
[White "Yen, Michael"]
[Black "Xu, Jeffrey"]
[Result "1-0"]
[WhiteElo "1969"]
[BlackElo "2004"]
[PlyCount "69"]
[EventDate "2016.08.07"]
[EventType "swiss"]
[EventRounds "9"]
[EventCountry "CAN"]

1. d4 e6 2. c4 Nf6 3. Nf3 Bb4+ 4. Bd2 Qe7 5. g3 O-O 6. Bg2 Bxd2+ 7. Nbxd2 d6 8.
e4 e5 9. O-O c5 10. d5 Ne8 11. Ne1 f5 12. Nd3 f4 13. a3 g5 14. b4 b6 15. b5 Nd7
16. a4 Qg7 17. a5 Rb8 18. axb6 axb6 19. Ra7 Bb7 20. Bh3 Ndf6 21. Be6+ Kh8 22.
f3 Qh6 23. Rf2 Ng7 24. Bf5 Nxf5 25. exf5 Bxd5 26. cxd5 Nxd5 27. Qb3 Ne3 28. Qe6
Qxe6 29. fxe6 c4 30. Nb4 Ra8 31. e7 Rfe8 32. Rxa8 Rxa8 33. Nc6 Re8 34. Ne4 Ra8
35. Ra2 1-0